[Event "AUTO-INT-211"]
[Site "http://www.queenalice.com/game.php?id=235968"]
[Date "2007.7.7"]
[Round "2"]
[White "johkla"]
[Black "Shydo"]
[Result "0-1"]
[WhiteElo "1706"]
[BlackElo "1657"]

1. e4 c5 2. Nf3 d6 3. Bc4 e6 4. O-O Nf6 5. Nc3 g6 6. d4 cxd4 7. Qxd4 Bg7 8. Rd1
O-O 9. Qxd6 Qxd6 10. Rxd6 Nc6 11. Bf4 Ne8 12. Rd2 Kh8 13. e5 b6 14. Bb5 Bb7 15.
Rad1 Nc7 16. Rd7 Rac8 17. Ng5 Kg8 18. Nce4 Nxe5 19. Bxe5 Bxe5 20. c4 Bxe4 21.
Nxe4 Nxb5 22. cxb5 Rc2 23. Rxa7 Rxb2 24. a4 f5 25. Ng5 Re8 0-1

[Event "AUTO-INT-211"]
[Site "http://www.queenalice.com/game.php?id=235969"]
[Date "2007.7.7"]
[Round "2"]
[White "Shydo"]
[Black "johkla"]
[Result "1-0"]
[WhiteElo "1637"]
[BlackElo "1726"]

1. d4 d5 2. c4 e6 3. e3 Nf6 4. Nf3 Bb4+ 5. Bd2 Bxd2+ 6. Nbxd2 O-O 7. Be2 Ne4 8.
Nxe4 dxe4 9. Nd2 f5 10. O-O Nc6 11. Nb3 Qe7 12. c5 b6 13. a3 Bb7 14. Bb5 a6 15.
Bxc6 Bxc6 16. Rc1 Ba4 17. c6 b5 18. Qc2 b4 19. Qc5 Qxc5 20. Nxc5 Bxc6 21. Nxe6
Bb5 22. Rfe1 c6 23. Nxf8 Kxf8 24. axb4 a5 25. Ra1 1-0

[Event "AUTO-INT-211"]
[Site "http://www.queenalice.com/game.php?id=235970"]
[Date "2007.7.7"]
[Round "2"]
[White "johkla"]
[Black "douglasmy"]
[Result "0-1"]
[WhiteElo "1724"]
[BlackElo "1873"]

1. e4 e6 2. e5 d5 3. d4 g6 4. Bg5 Qxg5 5. Nh3 Qd8 6. Qf3 Bg7 7. Bd3 Ne7 8. O-O
O-O 9. Qe3 Nbc6 10. Nd2 a6 11. Nf3 Nb4 12. Nf4 Bh6 13. Rfd1 b5 14. a4 Nxd3 15.
Rxd3 Nf5 16. Qd2 Bd7 17. b3 b4 0-1

[Event "AUTO-INT-211"]
[Site "http://www.queenalice.com/game.php?id=235971"]
[Date "2007.7.7"]
[Round "2"]
[White "douglasmy"]
[Black "johkla"]
[Result "1-0"]
[WhiteElo "1883"]
[BlackElo "1714"]

1. d4 d5 2. e3 Nc6 3. c4 e6 4. Nf3 Nf6 5. Nc3 Bb4 6. Bd2 Ne4 7. Qc2 Nxd2 8. Qxd2
dxc4 9. Bxc4 O-O 10. O-O Bd7 11. a3 Be7 12. Rfc1 Na5 13. Ba2 Nc6 14. Ne4 Rb8 15.
Rc4 b5 16. Rc2 b4 17. Bb1 a5 18. Qd3 1-0

[Event "AUTO-INT-770"]
[Site "http://www.queenalice.com/game.php?id=344478"]
[Date "2008.1.28"]
[Round "1"]
[White "johkla"]
[Black "fugazeton2"]
[Result "1-0"]
[WhiteElo "1748"]
[BlackElo "1653"]

1. e4 c5 2. Nf3 d6 3. Bc4 e6 4. O-O a6 5. a4 Nf6 6. Nc3 Be7 7. d4 cxd4 8. Qxd4
Nc6 9. Qe3 O-O 10. Ng5 h6 11. Nh3 Ne5 12. Be2 Rb8 13. Qg3 Kh7 14. f4 Nc6 15. Bd3
g6 16. e5 dxe5 17. fxe5 Nh5 18. Rxf7+ Rxf7 19. Qxg6+ Kh8 20. Qxf7 Ng7 21. Bxh6
Qf8 22. Bxg7+ Qxg7 23. Qe8+ Bf8 24. Rf1 Bd7 25. Rxf8+ Qxf8 26. Qh5+ 1-0

[Event "AUTO-INT-770"]
[Site "http://www.queenalice.com/game.php?id=344479"]
[Date "2008.1.28"]
[Round "1"]
[White "fugazeton2"]
[Black "johkla"]
[Result "0-1"]
[WhiteElo "1666"]
[BlackElo "1735"]

1. d4 d5 2. Nc3 Nf6 3. e3 c5 4. Nf3 e6 5. Be2 Nc6 6. O-O Bd6 7. a3 a6 8. Rb1 e5
9. dxe5 Bxe5 10. Nxe5 Nxe5 11. f4 Nc6 12. Bd2 O-O 13. Qc1 Re8 14. Bf3 Qd6 15.
Rd1 Bg4 16. Rf1 d4 17. exd4 Nxd4 18. Bxb7 Ra7 19. Bf3 Bxf3 20. gxf3 Rae7 21. Qd1
Ne2+ 22. Nxe2 Rxe2 23. Ba5 Qxf4 24. Qd3 Qxh2# 0-1

[Event "AUTO-INT-770"]
[Site "http://www.queenalice.com/game.php?id=344480"]
[Date "2008.1.28"]
[Round "1"]
[White "johkla"]
[Black "Renatogr90"]
[Result "1-0"]
[WhiteElo "1721"]
[BlackElo "1668"]

1. e4 e5 2. Nf3 Nc6 3. Bb5 Nd4 4. Nxd4 exd4 5. O-O c6 6. Ba4 Nf6 7. e5 Nd5 8.
Qf3 Qa5 9. Bb3 d6 10. exd6 Bxd6 11. c3 dxc3 12. dxc3 Be6 13. Bd2 O-O-O 14. c4
Nb4 15. a3 Qf5 16. Qxf5 Bxf5 17. Bxb4 Be5 18. Bc3 Bxc3 19. Nxc3 Rd2 20. c5 Rxb2
21. Bxf7 Rf8 22. Bc4 Rc2 23. Rac1 Rxc1 24. Rxc1 Re8 25. f4 b5 26. cxb6 axb6 27.
Nd5 Be6 28. Nxb6+ Kb7 29. Bxe6 Kxb6 30. Bd7 Rd8 31. Bxc6 Rc8 32. Kf2 Rxc6 33.
Rxc6+ Kxc6 34. Ke3 Kb5 35. Ke4 Ka4 36. Ke5 h6 37. g4 Kxa3 38. Kf5 Kb4 39. Kg6
Kc5 40. Kxg7 h5 41. gxh5 Kd5 42. f5 Ke5 43. f6 Kf5 44. f7 Kg5 45. f8=Q Kxh5 46.
Qf3+ Kh4 47. Qg3+ Kh5 48. Qg2 Kh4 49. Kf6 Kh5 50. Qg5# 1-0

[Event "AUTO-INT-770"]
[Site "http://www.queenalice.com/game.php?id=344481"]
[Date "2008.1.28"]
[Round "1"]
[White "Renatogr90"]
[Black "johkla"]
[Result "0-1"]
[WhiteElo "1715"]
[BlackElo "1705"]

1. e4 e5 2. Nf3 Nc6 3. Bb5 Bc5 4. Bxc6 dxc6 5. Nxe5 Qd4 6. Nd3 Qxe4+ 7. Qe2
Qxe2+ 8. Kxe2 Bd6 9. b3 Nf6 10. Ba3 O-O 11. Bxd6 cxd6 12. Re1 Re8+ 13. Kf1 Bf5
14. Rxe8+ Rxe8 15. Nc3 Ne4 16. Nxe4 Bxe4 17. Re1 Bxd3+ 18. cxd3 Rxe1+ 19. Kxe1
Kf8 20. Ke2 Ke7 21. Ke3 Ke6 22. Ke4 d5+ 23. Kf4 c5 24. a3 f6 25. h4 g6 26. g4 h6
27. b4 cxb4 28. axb4 a6 29. d4 b6 30. g5 fxg5+ 31. hxg5 h5 32. Kg3 a5 33. bxa5
bxa5 34. f4 a4 35. Kh4 a3 36. f5+ Kxf5 37. d3 a2 38. Kh3 a1=Q 39. Kh2 Kf4 40.
Kg2 Qb2+ 41. Kh3 Qc1 42. Kh2 Qe3 43. Kg2 Kg4 44. Kf1 Qd2 45. Kg1 Kg3 46. Kf1
Qf2# 0-1

[Event "AUTO-INT-770"]
[Site "http://www.queenalice.com/game.php?id=344482"]
[Date "2008.1.28"]
[Round "1"]
[White "johkla"]
[Black "carpe_diem"]
[Result "1-0"]
[WhiteElo "1697"]
[BlackElo "1494"]

1. e4 c5 2. Nf3 Nc6 3. d4 cxd4 4. Nxd4 Nf6 5. Nxc6 bxc6 6. Bd3 d6 7. O-O e5 8.
c4 d5 9. cxd5 cxd5 10. exd5 Nxd5 11. Bb5+ Ke7 12. Bc6 Ba6 13. Re1 f6 14. Bxd5
Rb8 15. Rxe5+ fxe5 16. Bg5+ 1-0

[Event "AUTO-INT-770"]
[Site "http://www.queenalice.com/game.php?id=344483"]
[Date "2008.1.28"]
[Round "1"]
[White "carpe_diem"]
[Black "johkla"]
[Result "0-1"]
[WhiteElo "1503"]
[BlackElo "1688"]

1. e4 e5 2. Nf3 Nc6 3. Bb5 Bc5 4. Bxc6 dxc6 5. O-O Bg4 6. h3 Be6 7. d3 Qf6 8.
Bg5 Qg6 9. Qd2 f6 10. Bh4 Bxh3 11. Bg3 Qxg3 0-1

[Event "AUTO-OPEN-1483"]
[Site "http://www.queenalice.com/game.php?id=558561"]
[Date "2009.3.19"]
[Round "1"]
[White "byebye8"]
[Black "johkla"]
[Result "0-1"]
[WhiteElo "1079"]
[BlackElo "1731"]

1. e4 e5 2. Nf3 Nc6 3. Bc4 Be7 4. d3 Nf6 5. Be3 O-O 6. Nc3 b6 7. O-O Bb7 8. d4
Nxd4 9. Nxd4 exd4 10. Qxd4 Bc5 11. Qd3 Bxe3 12. Qxe3 Ng4 13. Qf4 Nf6 14. Rfe1 d6
15. Rad1 Nh5 16. Qf5 g6 17. Qf3 Qg5 0-1

[Event "AUTO-OPEN-1483"]
[Site "http://www.queenalice.com/game.php?id=558562"]
[Date "2009.3.19"]
[Round "1"]
[White "johkla"]
[Black "byebye8"]
[Result "1-0"]
[WhiteElo "1733"]
[BlackElo "1077"]

1. e4 e5 2. Nf3 Nc6 3. Bb5 d6 4. O-O Nf6 5. Nc3 Be7 6. Nd5 O-O 7. Nxe7+ Qxe7 8.
Re1 a6 9. Ba4 Bg4 10. d3 Nd4 11. Bg5 h6 12. Bh4 Qe6 13. Re3 Bxf3 14. gxf3 Qh3
15. Bxf6 gxf6 16. f4 1-0

[Event "AUTO-OPEN-1483"]
[Site "http://www.queenalice.com/game.php?id=558587"]
[Date "2009.3.19"]
[Round "1"]
[White "lucianovdemelo"]
[Black "johkla"]
[Result "0-1"]
[WhiteElo "1391"]
[BlackElo "1737"]

1. d4 d5 2. c4 e6 3. Nc3 dxc4 4. Nf3 Be7 5. Bf4 c6 6. e3 b5 7. Be2 Nf6 8. O-O
O-O 9. e4 a5 10. e5 Nd5 11. Nxd5 cxd5 12. b3 a4 13. b4 Bxb4 14. Rb1 Nc6 15. g3
Ba6 16. a3 Bxa3 17. h4 c3 18. Qc2 Bb2 19. Ne1 Nxd4 20. Qd3 Nxe2+ 21. Qxe2 b4 0-1

[Event "AUTO-OPEN-1483"]
[Site "http://www.queenalice.com/game.php?id=558588"]
[Date "2009.3.19"]
[Round "1"]
[White "johkla"]
[Black "lucianovdemelo"]
[Result "1-0"]
[WhiteElo "1735"]
[BlackElo "1350"]

1. e4 e5 2. Nf3 Nf6 3. Nc3 Nc6 4. Bb5 Bb4 5. Nd5 d6 6. Nxb4 O-O 7. Nxc6 bxc6 8.
Bxc6 Rb8 9. d3 Rb6 10. Ba4 Bg4 11. b3 Qb8 12. Be3 c5 13. Rb1 d5 14. Bxc5 Rb7 15.
Bxf8 Qxf8 16. Bc6 Rc7 17. Bxd5 Qc5 18. c4 a5 19. O-O g6 20. h3 Bxf3 21. Qxf3 1-0

[Event "AUTO-OPEN-1483"]
[Site "http://www.queenalice.com/game.php?id=558605"]
[Date "2009.3.19"]
[Round "1"]
[White "johkla"]
[Black "fredpoa"]
[Result "1-0"]
[WhiteElo "1727"]
[BlackElo "1248"]

1. e4 e5 2. Nf3 Nf6 3. Nc3 c6 4. Be2 b5 5. O-O Ng4 6. d4 f6 7. Nh4 h5 8. Ng6 Rh6
9. Bxh6 Nxh6 10. Bxh5 Qa5 11. dxe5 b4 12. Nxf8+ Kxf8 13. Ne2 Qxe5 14. Ng3 Qxb2
15. Qd6+ Kg8 16. Bg6 Qe5 17. Qxe5 fxe5 18. a3 Ba6 19. Rfd1 Bc4 20. axb4 Bf7 21.
Bxf7+ Nxf7 22. c4 d6 23. Nf5 Ng5 24. Nxd6 Nd7 25. f3 Rb8 26. Rxa7 Nf6 27. b5 Ne8
28. Nxe8 Rxe8 29. bxc6 Kh7 30. c7 Rc8 31. Rd8 Rxd8 32. cxd8=Q Ne6 33. Qe7 Nc5
34. Qxg7# 1-0

[Event "AUTO-OPEN-1483"]
[Site "http://www.queenalice.com/game.php?id=558606"]
[Date "2009.3.19"]
[Round "1"]
[White "fredpoa"]
[Black "johkla"]
[Result "0-1"]
[WhiteElo "1165"]
[BlackElo "1729"]

1. e4 e5 2. Qh5 Nc6 3. Nf3 d6 4. Qg5 Qxg5 5. Nxg5 Nd4 6. Na3 d5 7. Kd1 dxe4 8.
c3 h6 9. Nxe4 Bg4+ 10. f3 Nxf3 11. Nf2 Nxh2+ 12. Nxg4 Nxg4 13. Be2 Nf2+ 14. Ke1
Nxh1 15. Bb5+ c6 16. Bc4 Nf6 17. d4 exd4 18. cxd4 Bb4+ 19. Bd2 Bxd2+ 20. Kxd2
Ng3 21. Re1+ Kd7 22. Bxf7 Nge4+ 23. Kc1 Nf2 24. Re2 Nd3+ 25. Kd2 Nxb2 26. Kc2
Na4 27. Nc4 Nb6 28. Ne5+ Kd6 29. Ng6 Rhd8 30. Re6+ Kc7 31. Re7+ Rd7 32. Rxd7+
Kxd7 33. Ne5+ Kd6 34. Kd3 c5 35. Nc4+ Nxc4 36. Kxc4 cxd4 37. Kxd4 Rc8 38. Kd3 g5
39. Bg6 h5 40. Bf5 Rc5 41. Bh3 g4 42. Bxg4 hxg4 43. a4 Ra5 44. g3 Rxa4 45. Ke3
Kd5 46. Kf2 Rc4 47. Ke3 b5 48. Kd3 b4 49. Kd2 Rc3 50. Kd1 b3 51. Ke1 Rc2 52. Kd1
Kd4 53. Ke1 b2 54. Kd1 b1=Q# 0-1

[Event "Challenge"]
[Site "http://www.queenalice.com/game.php?id=598960"]
[Date "2009.6.5"]
[Round "-"]
[White "johkla"]
[Black "knight401"]
[Result "1-0"]
[WhiteElo "1739"]
[BlackElo "1488"]

1. e4 e5 2. Nf3 Nc6 3. Bb5 a6 4. Ba4 Bd6 5. O-O Nce7 6. d4 Ng6 7. dxe5 Bxe5 8.
Nxe5 Nxe5 9. Qd5 Qf6 10. f4 Ng6 11. e5 Qd8 12. f5 Nf8 13. Bb3 Qe7 14. f6 gxf6
15. exf6 Nxf6 16. Qd4 d6 17. Rxf6 Bd7 18. Bxf7+ Kd8 19. Rf1 1-0